000
00284nam a22001217a 4500
008
171218b xxu||||| |||| 00| 0 eng d
041
_a
eng
080
_a
038
100
_a
23
101
_a
FJA
245
_a
WEBSTER'S DICTIONARY OF THE AMERICAN LANGUAGE
_c
GUILD,B.C
942
_2
udc
_c
BK
999
_c
39071
_d
39071